[Event "Challenge"]
[Site "http://www.queenalice.com/game.php?id=471315"]
[Date "2008.10.1"]
[Round "-"]
[White "cubs"]
[Black "MarcD"]
[Result "1/2-1/2"]
[WhiteElo "1813"]
[BlackElo "2105"]

1. e4 c5 2. Nf3 Nc6 3. Bb5 g6 4. O-O Bg7 5. Re1 e6 6. c3 Nge7 7. d4 cxd4 8. cxd4
a6 9. Bf1 d5 10. e5 Bd7 11. Nc3 O-O 12. h4 Rc8 13. h5 Qb6 14. Na4 Qd8 15. Nc5
Rb8 16. a3 Nf5 17. g4 Nfe7 18. h6 Bh8 19. g5 Nf5 20. b4 Na7 21. a4 Qe8 22. Bd3
Nc6 23. Bxf5 gxf5 24. Bd2 Na7 25. Qb3 Qd8 26. Nd3 Qe7 27. Rec1 Rfc8 28. Nf4 Nc6
29. Ne2 Na7 30. Ng3 Rxc1+ 31. Rxc1 Rc8 32. Rxc8+ Nxc8 33. Ne1 Nb6 34. b5 axb5
35. axb5 Nc4 36. Bb4 Qe8 37. Ng2 Bxb5 38. Nf4 Qd8 39. Nh3 Qc7 40. Nh5 Nxe5 41.
dxe5 Qc1+ 42. Kh2 Bxe5+ 43. f4 Bd4 44. Nf6+ Kh8 45. Bf8 Qd2+ 46. Kh1 Qe1+ 47.
Kh2 Qe2+ 48. Kh1 Qf1+ 49. Kh2 Qe2+ 1/2-1/2

[Event "Challenge"]
[Site "http://www.queenalice.com/game.php?id=471316"]
[Date "2008.10.1"]
[Round "-"]
[White "MarcD"]
[Black "cubs"]
[Result "1-0"]
[WhiteElo "2050"]
[BlackElo "1820"]

1. d4 Nf6 2. Nf3 d6 3. c3 Bg4 4. Bf4 Nc6 5. Nbd2 g6 6. h3 Bxf3 7. Nxf3 Bg7 8. e3
O-O 9. Be2 Re8 10. O-O e5 11. dxe5 dxe5 12. Bh2 Nd7 13. Qc2 a5 14. Rad1 Qe7 15.
Rd2 Nb6 16. Rfd1 a4 17. a3 Na5 18. Bb5 c6 19. Bf1 Nb3 20. Rd6 Nd5 21. R6xd5 cxd5
22. Rxd5 Rad8 23. Rxd8 Rxd8 24. Bc4 Nc5 25. e4 h6 26. Bg3 Bf6 27. Bb5 Qd6 28.
Bxa4 Nxa4 29. Qxa4 Qd1+ 30. Qxd1 Rxd1+ 31. Kh2 Rb1 32. Nxe5 Rxb2 33. Nc4 Rb3 34.
e5 Be7 35. Na5 Rb5 36. Nc4 Kf8 37. f4 Rc5 38. Nb6 Rxc3 39. a4 Ra3 40. Bf2 Bd8
41. Bc5+ Be7 42. Bxa3 Bxa3 43. g4 Ke7 44. Kg3 Bc5 45. Nd5+ Ke6 46. Nc7+ Kd7 47.
Nb5 Kc6 48. Kf3 Be7 49. Ke4 Kc5 50. f5 b6 51. Nc7 Kc6 52. Nd5 Bd8 53. Kd4 Bh4
54. Nb4+ Kd7 55. Kd5 gxf5 56. gxf5 Be1 57. Nd3 Bh4 58. Nb2 Be7 59. Nc4 Kc7 60.
f6 Bd8 61. Nd6 1-0

[Event "Challenge"]
[Site "http://www.queenalice.com/game.php?id=567269"]
[Date "2009.4.5"]
[Round "-"]
[White "ORNELAS"]
[Black "cubs"]
[Result "0-1"]
[WhiteElo "1655"]
[BlackElo "1825"]

1. d4 d5 2. e3 g6 3. c4 Nf6 4. c5 e5 5. Nf3 exd4 6. Qxd4 Bg7 7. b4 O-O 8. Bb2 a5
9. bxa5 c6 10. g3 Nh5 11. Qd2 Bxb2 12. Bg2 Bxa1 13. O-O Qxa5 14. Qc1 Qxa2 15.
Nbd2 Bf5 16. Nh4 Be6 17. Ndf3 Nd7 18. Ng5 Ng7 19. Nxe6 fxe6 20. Nf3 e5 21. Ng5
Qa3 22. Qc2 Qxc5 23. Qe2 h6 24. h4 hxg5 25. hxg5 e4 26. Qg4 Ne5 27. Qh3 Kf7 28.
Qh2 Rh8 29. Bh3 Nf3+ 30. Kg2 Nxh2 31. Kxh2 Qe7 32. Kg2 Qxg5 33. f4 Qh5 34. Rh1
Qe2+ 35. Kg1 Bd4 36. Rh2 Ra1+ 37. Bf1 Rxf1# 0-1

[Event "Challenge"]
[Site "http://www.queenalice.com/game.php?id=591472"]
[Date "2009.5.21"]
[Round "-"]
[White "cubs"]
[Black "MarcD"]
[Result "1-0"]
[WhiteElo "1869"]
[BlackElo "2142"]

1. e4 c5 2. Nf3 Nc6 3. Bb5 g6 4. O-O Bg7 5. Re1 e6 6. c3 Nge7 7. d4 cxd4 8. cxd4
O-O 9. d5 Nb8 10. Nc3 a6 11. Bc4 b5 12. Bb3 Bb7 13. d6 Nec6 14. Bf4 Na5 15. Rc1
Nxb3 16. Qxb3 Nc6 17. Qd1 Rc8 18. Qd2 Na5 19. b3 Nc6 20. Bh6 Qb6 21. Bxg7 Kxg7
22. e5 Qd8 23. Ne4 h6 24. Nc5 Rb8 25. Nxb7 Rxb7 26. h4 f5 27. g3 Rb8 28. Rc2 Qb6
29. Kg2 Rfc8 30. h5 Na7 31. hxg6 Rxc2 32. Qxc2 Rc8 33. Qd2 Qb7 34. Rh1 Rh8 35.
Qf4 Qa8 36. Qh4 Qd8 37. Qxd8 Rxd8 38. Rc1 Nc6 39. Rc5 Kxg6 40. a3 Rf8 41. Nh4+
Kf7 42. Nf3 Rb8 43. Kf1 Kg6 44. Ke2 Kf7 45. Kd3 Ke8 46. Nd4 Na5 47. Rc1 Kf7 48.
Rc7 Ke8 49. Ra7 Rb6 50. Ra8+ Kf7 51. Rh8 Kg7 52. Rd8 Rb7 53. Kc3 1-0

[Event "Challenge"]
[Site "http://www.queenalice.com/game.php?id=591473"]
[Date "2009.5.21"]
[Round "-"]
[White "MarcD"]
[Black "cubs"]
[Result "0-1"]
[WhiteElo "2162"]
[BlackElo "1840"]

1. d4 Nf6 2. Nf3 d6 3. Bf4 Bg4 4. Nbd2 Nc6 5. c3 g6 6. h3 Bxf3 7. Nxf3 Bg7 8. e3
O-O 9. Be2 Qe8 10. Bh2 e5 11. dxe5 Nxe5 12. O-O Qe7 13. Qc2 Rfe8 14. Bxe5 dxe5
15. Rfd1 c6 16. Rd2 Rad8 17. Rad1 Nd5 18. Bc4 Nb6 19. Bb3 Rd7 20. a3 Red8 21.
Rxd7 Rxd7 22. Rxd7 Nxd7 23. Qe2 h6 24. e4 Nc5 25. Ba2 b5 26. c4 a6 27. cxb5 axb5
28. Qc2 Qd6 29. b4 Ne6 30. Bxe6 Qxe6 31. Qc5 f5 32. exf5 gxf5 33. Qe3 Qd5 34.
Qc1 Kh7 35. Qc2 e4 36. Nd2 Bd4 37. Nb3 Bb6 38. Kf1 Kg6 39. Ke2 Kf7 40. g3 Kg6
41. Qb1 Qc4+ 42. Ke1 Qc3+ 43. Ke2 Qc4+ 44. Ke1 Qc3+ 45. Ke2 Qf3+ 0-1

[Event "Challenge"]
[Site "http://www.queenalice.com/game.php?id=597330"]
[Date "2009.6.2"]
[Round "-"]
[White "knight401"]
[Black "cubs"]
[Result "0-1"]
[WhiteElo "1582"]
[BlackElo "1834"]

1. e4 e5 2. Nf3 Nc6 3. Be2 g6 4. O-O Bg7 5. d3 Nge7 6. Re1 d5 7. Nbd2 f5 8. Nf1
dxe4 9. dxe4 Be6 10. exf5 gxf5 11. h3 h6 12. c3 e4 13. N3d2 Ne5 14. Ng3 N7g6 15.
Ndf1 Qe7 16. Kh1 Rd8 17. Qc2 O-O 18. Be3 c5 19. a3 Nd3 20. Red1 c4 21. f3 f4 22.
fxe4 fxe3 23. Nxe3 Nf2+ 24. Kg1 Nxd1 0-1

[Event "Challenge"]
[Site "http://www.queenalice.com/game.php?id=664602"]
[Date "2009.10.8"]
[Round "-"]
[White "cubs"]
[Black "koutouzov"]
[Result "1-0"]
[WhiteElo "1896"]
[BlackElo "1926"]

1. e4 e5 2. Nf3 d6 3. d4 exd4 4. Nxd4 g6 5. c4 Bg7 6. Nc3 c5 7. Nde2 Ne7 8. Nb5
a6 9. Nxd6+ Kf8 10. Nxc8 Qxd1+ 11. Kxd1 Nxc8 12. Be3 b6 13. Kc2 1-0

[Event "Let's Play Chess!"]
[Site "http://www.queenalice.com/game.php?id=689651"]
[Date "2009.11.28"]
[Round "-"]
[White "cubs"]
[Black "alidivetro"]
[Result "1-0"]
[WhiteElo "1922"]
[BlackElo "1798"]

1. e4 c5 2. Nf3 d6 3. Bb5+ Bd7 4. a4 a6 5. Bxd7+ Qxd7 6. a5 Nf6 7. d3 h6 8. O-O
e5 9. Nbd2 Be7 10. Nc4 Qb5 11. Ra3 Nbd7 12. Rb3 Qc6 13. Re1 Rb8 14. Nh4 b5 15.
axb6 Nxb6 16. Nxb6 Rxb6 17. Rxb6 Qxb6 18. Nf5 g6 19. Ne3 O-O 20. Nc4 Qd8 21.
Bxh6 Re8 22. Qa1 Ng4 23. Bd2 Bh4 24. g3 Be7 25. h3 Nf6 26. Qxa6 Qb8 27. b3 Nd7
28. Ra1 Kg7 29. Qc6 Nf6 30. Kg2 Rc8 31. Qb6 Qxb6 32. Nxb6 Rb8 33. Ra6 Bd8 34.
Nc4 Ne8 35. Bc3 Be7 36. Nxe5 dxe5 37. Bxe5+ Bf6 38. Bxb8 Bd4 39. e5 Kf8 40. Kf3
Ng7 41. Bd6+ Ke8 42. Ra8+ Kd7 43. Ra7+ Kc6 44. Rxf7 Nf5 45. Rxf5 gxf5 46. h4 Kd5
47. h5 Bxe5 48. Bxe5 Kxe5 49. h6 Kf6 50. Kf4 Kg6 51. h7 Kxh7 52. Kxf5 Kg7 53.
Ke6 Kg6 54. Kd5 1-0

[Event "Challenge"]
[Site "http://www.queenalice.com/game.php?id=699883"]
[Date "2009.12.18"]
[Round "-"]
[White "thedead"]
[Black "cubs"]
[Result "0-1"]
[WhiteElo "1726"]
[BlackElo "1913"]

1. d4 Nf6 2. c4 e6 3. Nf3 c5 4. e3 d5 5. Nc3 Nc6 6. Be2 dxc4 7. Bxc4 cxd4 8.
exd4 Nb4 9. O-O Nbd5 10. Re1 Be7 11. Ne5 O-O 12. Bg5 Nxc3 13. bxc3 Bd7 14. Qc2
Rc8 15. Re3 h6 16. Bh4 b5 17. Bb3 Nd5 18. Bxe7 Nxe3 19. fxe3 Qxe7 20. Rc1 Rfd8
21. Qf2 Be8 22. Rc2 a5 23. Rc1 f6 24. Nf3 Bg6 25. Nd2 Rc7 26. Bd1 Qa3 0-1

[Event "alpha"]
[Site "http://www.queenalice.com/game.php?id=704657"]
[Date "2009.12.28"]
[Round "-"]
[White "cubs"]
[Black "KennyB"]
[Result "1-0"]
[WhiteElo "1933"]
[BlackElo "1990"]

1. e4 e6 2. d4 d5 3. Nc3 Nf6 4. Bg5 Bb4 5. e5 h6 6. Be3 Ne4 7. Qg4 Kf8 8. a3
Bxc3+ 9. bxc3 Nxc3 10. Bd3 c6 11. Nh3 b6 12. Nf4 Qg5 13. Qf3 Qe7 14. Ng6+ Ke8
15. Nxe7 Kxe7 16. Kd2 Na4 17. Qg3 g5 18. h4 1-0

[Event "Challenge"]
[Site "http://www.queenalice.com/game.php?id=710400"]
[Date "2010.1.8"]
[Round "-"]
[White "pfunk339"]
[Black "cubs"]
[Result "0-1"]
[WhiteElo "1543"]
[BlackElo "1951"]

1. e4 e5 2. d4 exd4 3. c3 Qe7 4. Nf3 Qxe4+ 5. Be2 d3 6. Qxd3 Qxd3 7. Bxd3 Nf6 8.
O-O Be7 9. Re1 Nc6 10. b4 a6 11. Ba3 d6 12. Nbd2 O-O 13. Re3 Nd5 14. Re4 Bf5 15.
Bc4 Bxe4 16. Nxe4 Nf6 17. Re1 Nxe4 18. Rxe4 Bf6 19. Bc1 Bxc3 20. Rg4 Ne5 21.
Nxe5 Bxe5 22. Bh6 Kh8 23. Be3 f5 24. Rh4 c6 25. Bd3 g6 26. f4 Bf6 27. g4 Bxh4
28. Bc4 d5 29. Bd3 fxg4 30. Bf1 Rae8 31. Bf2 Bxf2+ 32. Kxf2 Rxf4+ 33. Kg2 Re3
34. Kg1 Re1 35. Kg2 Rexf1 36. Kg3 g5 37. h4 R1f3+ 38. Kg2 gxh4 39. Kg1 h3 40.
Kh2 Rxb4 41. a3 Rxa3 0-1

[Event "Challenge"]
[Site "http://www.queenalice.com/game.php?id=713822"]
[Date "2010.1.14"]
[Round "-"]
[White "KasparovPadawan"]
[Black "cubs"]
[Result "0-1"]
[WhiteElo "1909"]
[BlackElo "1953"]

1. b3 e5 2. Bb2 Nc6 3. e4 g6 4. Nf3 Bg7 5. Bc4 Nge7 6. O-O O-O 7. Nc3 d6 8. Ne2
Bg4 9. Ng3 d5 10. Bd3 f5 11. exd5 Nxd5 12. Be2 e4 13. Bxg7 Kxg7 14. Ne1 Bxe2 15.
Qxe2 Qf6 16. Rb1 Rae8 17. Qb5 Nb6 18. a4 Re5 19. Qe2 Nd4 20. Qd1 f4 21. Ne2 Rh5
22. Nxd4 Qxd4 23. c3 Qe5 24. f3 Qc5+ 25. Kh1 e3 26. dxe3 fxe3 27. Qd4+ Qxd4 28.
cxd4 Nd5 29. g4 Rh3 30. Rc1 h5 31. g5 Rf4 32. Ng2 Rfxf3 33. Rxf3 Rxf3 0-1

[Event "Let's Play Chess!"]
[Site "http://www.queenalice.com/game.php?id=776940"]
[Date "2010.5.17"]
[Round "-"]
[White "igorjava"]
[Black "cubs"]
[Result "0-1"]
[WhiteElo "1915"]
[BlackElo "1986"]

1. e4 e5 2. Nc3 Nc6 3. f4 exf4 4. Nf3 d6 5. d4 g5 6. Bb5 Bd7 7. O-O h6 8. e5 a6
9. Bc4 dxe5 10. Nxe5 Nxe5 11. Re1 Bg7 12. dxe5 Be6 13. Bxe6 fxe6 14. Qh5+ Kf8
15. b3 Qd4+ 16. Kh1 Qxc3 17. Ba3+ Ne7 18. Rad1 Qc6 19. Rd2 Qe8 20. Qg4 Qc6 21.
h4 Re8 22. Kg1 Kf7 23. hxg5 h5 24. Qxf4+ Nf5 25. Bb2 Rd8 26. Red1 Rxd2 27. Rxd2
h4 28. Kh2 Kg6 29. c4 Rh5 30. Rf2 Rxg5 31. Qd2 Rg3 32. Qe2 Bh6 33. Rf3 Kh7 34.
Rxg3 hxg3+ 35. Kh3 Qe8 36. Qg4 Qg6 37. Qxg6+ Kxg6 38. Kg4 Be3 39. Bc3 c5 40. b4
cxb4 41. Bxb4 Bf2 42. Bd2 Kf7 43. Bf4 Ke7 44. Bd2 Kd7 45. Kg5 Ne3 46. Bxe3 Bxe3+
47. Kf6 Bd4 48. a3 b5 49. cxb5 axb5 0-1

[Event "Let's Play Chess!"]
[Site "http://www.queenalice.com/game.php?id=776941"]
[Date "2010.5.17"]
[Round "-"]
[White "cubs"]
[Black "igorjava"]
[Result "1-0"]
[WhiteElo "1971"]
[BlackElo "1958"]

1. e4 c5 2. Nf3 d6 3. Bb5+ Nc6 4. O-O Bg4 5. h3 Bh5 6. Bxc6+ bxc6 7. d3 e6 8.
Nbd2 Nf6 9. Re1 Qc7 10. e5 dxe5 11. g4 Bg6 12. Nxe5 Bd6 13. Ndc4 O-O 14. Bf4
Bxe5 15. Bxe5 Qd7 16. Qf3 Nd5 17. Bd6 Rfd8 18. Bxc5 Rdb8 19. a3 h6 20. Ne5 Qe8
21. Nxg6 fxg6 22. Bd4 Qd7 23. Qe4 Re8 24. c4 Nf6 25. Bxf6 gxf6 26. Qxg6+ Qg7 27.
Qxg7+ Kxg7 28. d4 Kf7 29. f4 Red8 30. Rad1 a5 31. Kf2 Rab8 32. Rd2 Rb3 33. Re3
Rb7 34. b3 Rdb8 35. Rb2 Rd8 36. Rd3 c5 37. Ke3 Rbd7 38. Rbd2 Kg6 39. dxc5 Rxd3+
40. Rxd3 Rxd3+ 41. Kxd3 h5 42. c6 hxg4 43. hxg4 f5 44. g5 e5 45. fxe5 Kxg5 46.
c7 1-0

[Event "Let's Play Chess!"]
[Site "http://www.queenalice.com/game.php?id=826412"]
[Date "2010.9.1"]
[Round "-"]
[White "cubs"]
[Black "constantin"]
[Result "1-0"]
[WhiteElo "1999"]
[BlackElo "1707"]

1. e4 e5 2. Nf3 Nc6 3. Bb5 Nge7 4. Nc3 a6 5. Bc4 h6 6. d4 b5 7. Bb3 d6 8. dxe5
Bg4 9. exd6 cxd6 10. h3 Bh5 11. Nd5 Nd4 12. Qxd4 Bxf3 13. gxf3 Nc6 14. Qb6 Qxb6
15. Nxb6 Rb8 16. Be3 Nb4 17. a4 Be7 18. Rg1 Bf6 19. O-O-O Kd8 20. Rxd6+ Kc7 21.
Rd7+ Kc6 22. Bd5+ Nxd5 23. exd5# 1-0

[Event "Challenge"]
[Site "http://www.queenalice.com/game.php?id=845220"]
[Date "2010.10.13"]
[Round "-"]
[White "constantin"]
[Black "cubs"]
[Result "0-1"]
[WhiteElo "1667"]
[BlackElo "2026"]

1. e4 e5 2. Nf3 Nc6 3. Bb5 Bb4 4. Bxc6 dxc6 5. a3 Bd6 6. h3 c5 7. d3 Ne7 8. Bg5
f6 9. Bh4 Be6 10. Nc3 Qd7 11. Qe2 c6 12. Qe3 Qc7 13. Nd2 g5 14. Bg3 Ng6 15. Qf3
Be7 16. Qh5 Bf7 17. Qe2 Nf8 18. Nf3 Ne6 19. Nd1 Nd4 20. Nxd4 cxd4 21. c3 c5 22.
O-O h5 23. Rc1 h4 24. Bh2 Qd7 25. c4 a6 26. b3 Be6 27. f3 Kf7 28. Nb2 Rag8 29.
Rf2 Qc7 30. Rb1 b5 31. Qd2 Ra8 32. Qc2 Rhb8 33. Ra1 Rb7 34. Re2 Rab8 35. Qd2 Bd8
36. b4 Be7 37. bxc5 Bxc5 38. cxb5 Rxb5 39. Nd1 Rb1 40. Rxb1 Rxb1 41. Kf2 Bxa3
42. Qc2 Qxc2 43. Rxc2 Rxd1 44. Rc7+ Be7 45. Ra7 Rd2+ 46. Kg1 Ra2 47. Rb7 a5 48.
Kf1 a4 49. Rb1 a3 50. Bg1 Rb2 51. Ra1 a2 52. Bxd4 exd4 0-1

[Event "Challenge"]
[Site "http://www.queenalice.com/game.php?id=848247"]
[Date "2010.10.20"]
[Round "-"]
[White "cubs"]
[Black "MarcD"]
[Result "1-0"]
[WhiteElo "2003"]
[BlackElo "2135"]

1. e4 d5 2. exd5 Nf6 3. d4 Nxd5 4. Nf3 Bf5 5. Bd3 Bg6 6. O-O e6 7. Re1 c6 8. c4
Nf6 9. Nc3 Be7 10. Bg5 O-O 11. Bxg6 hxg6 12. Qe2 Re8 13. Rad1 Qc7 14. d5 exd5
15. cxd5 Bb4 16. Qxe8+ Nxe8 17. Rxe8+ Kh7 18. Bd8 1-0

[Event "Challenge"]
[Site "http://www.queenalice.com/game.php?id=848248"]
[Date "2010.10.20"]
[Round "-"]
[White "MarcD"]
[Black "cubs"]
[Result "1/2-1/2"]
[WhiteElo "2092"]
[BlackElo "2046"]

1. d4 Nf6 2. Nf3 d6 3. Bf4 Bg4 4. e3 Nbd7 5. Be2 c6 6. c3 g6 7. Nbd2 Bg7 8. h3
Bxf3 9. Nxf3 Qc7 10. O-O O-O 11. Bh2 e5 12. dxe5 dxe5 13. Qc2 a5 14. Rad1 Rfe8
15. b3 a4 16. c4 Qa5 17. Qd2 Qc7 18. b4 Rad8 19. Qc2 Ra8 20. a3 Re7 21. Nd2 c5
22. b5 Qa5 23. Bf3 Qb6 24. Ne4 Nxe4 25. Qxe4 Nf6 26. Qc2 Ne8 27. Rd2 Qa5 28.
Rfd1 Nf6 29. Bd5 Ne8 30. Bg3 Nf6 31. Bh4 Rd7 32. Bxf6 Bxf6 33. Qe4 Rb8 34. Qf3
Kg7 35. Rd3 Rbd8 36. g4 Rh8 37. Qg2 Rb8 38. g5 Be7 1/2-1/2

[Event "Challenge"]
[Site "http://www.queenalice.com/game.php?id=856680"]
[Date "2010.11.9"]
[Round "-"]
[White "niko"]
[Black "cubs"]
[Result "0-1"]
[WhiteElo "1006"]
[BlackElo "2024"]

1. e3 e5 2. Qe2 d5 3. Qh5 Bd6 4. Bb5+ c6 5. Bd3 Nf6 6. Bf5 g6 7. Qh6 Bxf5 8. Qg7
Rg8 9. Qh6 Bxc2 10. Na3 Bd3 11. Nf3 Nbd7 12. Ng5 Bf8 13. Qh4 h6 14. Nf3 Ne4 0-1

[Event "Challenge"]
[Site "http://www.queenalice.com/game.php?id=857726"]
[Date "2010.11.11"]
[Round "-"]
[White "Enroque"]
[Black "cubs"]
[Result "0-1"]
[WhiteElo "1843"]
[BlackElo "2028"]

1. d4 Nf6 2. e3 d6 3. c4 e5 4. dxe5 dxe5 5. Qxd8+ Kxd8 6. Nf3 Nbd7 7. Ng5 Ke8 8.
Be2 Bd6 9. f4 c6 10. Bd2 h6 11. Nf3 Ne4 12. Bc1 exf4 13. exf4 Bc5 14. Nbd2 Ndf6
15. Nxe4 Nxe4 16. a3 a5 17. Ne5 h5 18. Bf3 Bf5 19. Ke2 Rd8 20. Bxe4 Bxe4 21. Be3
Bxe3 22. Kxe3 Bf5 23. Rhd1 Ke7 24. c5 Bc2 25. Rd2 Bb3 26. h4 Rxd2 27. Kxd2 Rd8+
28. Kc3 Bd5 29. g3 f6 30. Nd3 Kf7 31. Re1 Rd7 32. b4 axb4+ 33. Nxb4 Kg6 34. Nxd5
Rxd5 35. Kc4 Rd7 36. Re3 Kf5 37. Kc3 Kg4 38. Kc4 Kh3 39. Rb3 Kg2 40. Re3 Kf2 41.
Rb3 Re7 42. Kd4 f5 43. Rd3 Rd7+ 0-1

[Event "Challenge"]
[Site "http://www.queenalice.com/game.php?id=891377"]
[Date "2011.1.26"]
[Round "-"]
[White "Canaye"]
[Black "cubs"]
[Result "0-1"]
[WhiteElo "1866"]
[BlackElo "2037"]

1. d4 Nf6 2. c4 e6 3. Nc3 Bb4 4. Nf3 Bxc3+ 5. bxc3 d6 6. Qc2 Nc6 7. Bg5 Qe7 8.
e4 e5 9. Bd3 h6 10. Bc1 Bg4 11. d5 Nb8 12. Nh4 Nxe4 13. Nf5 Bxf5 14. Bxe4 Bxe4
15. Qxe4 Nd7 16. O-O O-O 17. f4 f5 18. Qf3 e4 19. Re1 Qf7 20. Qd1 Qf6 21. Qb3
Nc5 22. Qc2 Nd3 23. Rf1 Nxc1 24. Raxc1 Rf7 25. Qb3 b6 26. Qb2 Re7 27. Qe2 Kh7
28. g4 fxg4 29. Qxg4 Qg6 30. h3 Rf8 31. Rc2 Ref7 32. Qxg6+ Kxg6 33. Rg2+ Kh7 34.
Rg4 g5 35. h4 Rxf4 36. Rgxf4 Rxf4 37. hxg5 Rxf1+ 38. Kxf1 hxg5 39. Kf2 Kg6 40.
a3 Kf5 41. Kg3 g4 42. Kf2 Kf4 43. Kf1 Ke3 44. Ke1 g3 0-1

[Event "Let's Play Chess!"]
[Site "http://www.queenalice.com/game.php?id=916539"]
[Date "2011.3.23"]
[Round "-"]
[White "igorjava"]
[Black "cubs"]
[Result "0-1"]
[WhiteElo "1765"]
[BlackElo "2048"]

1. e4 e5 2. f4 Bc5 3. Nf3 d6 4. Bc4 Nf6 5. Nc3 Nc6 6. f5 Nd4 7. Na4 Nxe4 8. Nxc5
dxc5 9. d3 Nd6 10. Nxe5 Bxf5 11. O-O Nxc4 12. Nxc4 Be6 13. c3 Bxc4 14. dxc4 Ne6
15. Qg4 Qe7 16. Re1 O-O 17. Bg5 Qxg5 18. Qxg5 Nxg5 19. Re7 Ne6 20. Kf2 Rfd8 21.
Ke3 Kf8 22. Rxe6 fxe6 23. Rf1+ Ke7 0-1